00605nam a22001935i 450000100060000000300090000600500170001500700030003200800410003504000200007610000310009624500730012725000170020026000950021730000430031265000150035565000200037085200210039054087ES-MaACL20250912063039.0t|960710s1895 it ||||1| ita d aCAM bspa cCAM1 aFerri, Enrico, d1856-192912aL'omicidio-suicidio b: responsabilitá giuridica / cEnrico Ferri. a4ª ed. amp. aTorino : bFratelli Bocca editori, c1895 (ePinerolo : fTipografia Chiantore-Mascarelli) aXXIII, 295 p., [2] h. pleg. ; c24 cm.04aHomicidio.07aSuicidio2embne aES-MaACLjF-9653